00449 a2200169 4500001000700000020000600007040001100013100002000024240002800044245002300072362000900095440001200104697003500116942000700151952010200158999001900260176770 a  cMagnum aMarques, Amadeu10aTheres no smoke...lING10aTheres no smoke...0 a1899 1aÁtica aMAGNITO: LITERATURA ESTRANGEIR cBK 00104070a32.5b32.5d2024-06-08l0oLI.04111pMAG00026001r2024-06-08 20:50:32w2024-06-08yBK c176770d176770